00276nam a22001097a 4500003000400000020001800004082001600022100002100038245007500059260002400134300000800158SGT a9780367779108 a614.13bSUB aSUBOCH GABRIELE aREAL WORLD CRIME SCENE INVESTIGATION bA STEP BY STEP PROCEDURE MANUAL aUKbCRS PRESSc2016 a389